Statistiken für Fußball: Nenne zu den Bundesligateams einen deutschen Nationalspieler

Klicken Sie hier um das Quiz zu spielen!

Allgemein

  • Dieses Quiz wurde 613 mal gespielt
    (260 seit der letzten Aktualisierung)
  • Das Durchschnittsergebnis liegt bei 11 aus 17

Antwortstatistiken

VereinNationalspieler% Korrekt
BayernNeuer, Gnabry, Goretzka, Kimmich, Müller, Musiala, Sane
100%
DortmundHummels, Schlotterbeck, Süle, Brandt, Can, Reus, Wolf, Adeyemi, Moukoko, Nmecha, Füllkrug
99%
LeverkusenTah, Wirtz, Hofmann, Andrich
96%
StuttgartVagnoman, Führich, Mittelstädt, Undav, Anton
93%
FrankfurtGötze, Max, Trapp, Koch
90%
RB LeipzigHenrichs, Klostermann, Raum
89%
FreiburgGünter, Ginter
82%
UnionGosens, Volland
79%
WolfsburgNmecha, Arnold, Baku, Gerhardt, Behrens
74%
GladbachNeuhaus, Weigl, Herrmann, Kramer
70%
BremenStark, Ducksch
63%
KarlsruheStindl, Jung
55%
HannoverZieler, Halstenberg
49%
KielHoltby
37%
KölnUth, Waldschmidt
29%
HoffenheimBerisha, Stach
20%
AugsburgUduokhai
20%

Verteilung der Resultate

Perzentil nach korrekt beantworteten Fragen

Anzahl Personen mit jedem Resultat

Ihre Resultats-Entwicklung

Sie haben dieses Quiz seit der letzten Aktualisierung nicht gespielt